00678nam a2200181Ia 4500001003200000003000900032008004100041040002300082041001300105100007500118245006200193250001500255260004400270300001900314501012400333520000900457700003000466282.082 092-IOA XXIII le (2399)IT-MiSPE171229s9999||||xx |||||||||||||| ||und|| aIT-MiSPEcIT-MiSPE aITALIANO aGiovanni XXIII (Ioannes XXIII (Angelo Giuseppe Roncalli))gpapa, beato 0aLettere 1958-1963bIn appendice: Documenti e appunti vari a1a ed. (v) aRomabEd. di Storia e Letteraturac1978 a609 p. c24 cm aEdizioni San Paolo srl - Piazza Soncino, 5 - 20092 CINISELLO BALSAMO (MI) (non commercial uses only) ® Copyright 2018 aTav. aLoris Francesco Capovilla